000 01081cam a22003373a 4500
001 1067
005 20230815161945.0
008 990427s1999 nyu j 000 1 eng d
020 _a0590036394 (pbk.) :
040 _aUUP
_cUUP
_dOCL
_dOCLCQ
_dDLC
_beng
050 0 0 _aPZ7.A6483
082 _aFic
100 1 _aApplegate, Katherine
245 1 0 _aElfangor's secret /
_cK.A. Applegate.
260 _aNew York, N.Y. :
_bScholastic,
_c1998.
300 _a208 pages :
_c20 cm.
490 1 _aAnimorphs. Megamorphs ;
_vBook 3
500 _a"An Apple paperback."
505 _aK
520 _aVisser Four has found the Time Matrix, the machine Elfangor had hidden, and he plans to use it to become Visser One.
521 0 _a520
_bLexile
521 1 _aK
_bRaz-Plus
650 0 _aScience fiction.
650 0 _aScience fiction.
650 0 _aMetamorphosis
_vJuvenile fiction.
650 0 _aMetamorphosis.
655 7 _aYoung adult fiction.
_2lcsh
655 7 _aScience fiction.
_2gsafd
906 _a7
_bcbc
_ccopycat
_d2
_encip
_f19
_gy-genrareb
942 _2ddc
_cBK
_n0
999 _c1067
_d1067